00676nam a2200169 a 450000100100000000500170001000800410002704000250006808200180009310000420011124501470015326000370030030000280033750000700036550400500043565100210048500001438520200929163610.0091211s2006 dr a 000 0 spa d aDO-SdBNPbspacBNPHU a937.02bC843e1 aCotes Guzmán, Miguel Antoniod1950-10aEntre la balanza y el río :brecopilación histórica de la Romana /cMiguel Antonio Cotes Guzmán ; presentación Crisanta Moreta Mora. aLa Romana :bCañaveral,c2006. a190 p. :bil. ;c23 cm. aIncluye datos biográficos del autor en la solapa de la cubierta aIncluye referencias bibliográficas (p. 190) 4aRomanaxHistoria